Robert Mundell's contributions to international economics (Record no. 43810)

000 -LEADER
fixed length control field 00406pab a2200145 454500
008 - FIXED-LENGTH DATA ELEMENTS--GENERAL INFORMATION
fixed length control field 180718b1999-2000 xxu||||| |||| 00| 0 eng d
100 ## - MAIN ENTRY--PERSONAL NAME
Personal name Brahmananda, P.R.
245 ## - TITLE STATEMENT
Title Robert Mundell's contributions to international economics
260 ## - PUBLICATION, DISTRIBUTION, ETC.
Date of publication, distribution, etc. 1999-2000
300 ## - PHYSICAL DESCRIPTION
Extent p.134-42
362 ## - DATES OF PUBLICATION AND/OR SEQUENTIAL DESIGNATION
Dates of publication and/or sequential designation Oct-Dec
650 ## - SUBJECT ADDED ENTRY--TOPICAL TERM
Topical term or geographic name entry element International economic relations
773 ## - HOST ITEM ENTRY
Main entry heading Indian Economic Journal
909 ## -
-- 43810
Holdings
Withdrawn status Lost status Damaged status Not for loan Permanent Location Current Location Date acquired Serial Enumeration / chronology Barcode Date last seen Price effective from Koha item type
        Indian Institute of Public Administration Indian Institute of Public Administration 2018-07-19 Volume no: 47, Issue no: 2 AR44212 2018-07-19 2018-07-19 Articles

Powered by Koha